| 000 | 00622nam a2200205 4500 | ||
|---|---|---|---|
| 003 | KOHA_MİRAKIL | ||
| 005 | 20260515084633.0 | ||
| 008 | 260515b tu ||||| |||| 00| 0 tur d | ||
| 020 | _a9754184585 | ||
| 040 |
_aTR-AnABB _btur _cTR-AnABB |
||
| 041 | _atur | ||
| 082 |
_a303.484 _bTUR 1997 |
||
| 245 | 0 | 0 |
_aTürkiye'de aydınlanma hareketi : _bdünü, bugünü, sorunları / _cStrasbourg Sempozyumu |
| 250 | _a1. baskı | ||
| 260 |
_aİstanbul : _bAdam Yayınları, _c1997 |
||
| 300 |
_a238 sayfa ; _c20 cm |
||
| 500 | _aServer Tanilli'ye saygı | ||
| 650 | 0 | 4 | _aToplumsal değişim, Türkiye |
| 942 |
_2ddc _cBK |
||
| 999 |
_c10386 _d10386 |
||
| 900 | _bCan ÇELIK | ||